Sustainability (Record no. 78152)
[ view plain ]
| 000 -LEADER | |
|---|---|
| fixed length control field | 01051cab a2200205 4500 |
| 001 - CONTROL NUMBER | |
| control field | ##L136141 |
| 008 - FIXED-LENGTH DATA ELEMENTS--GENERAL INFORMATION | |
| fixed length control field | 070115n2007 000 0 eng u |
| 035 ## - SYSTEM CONTROL NUMBER | |
| System control number | (Sirsi) u136141 |
| 041 0# - LANGUAGE CODE | |
| Language code of text/sound track or separate title | eng |
| 100 1# - MAIN ENTRY--PERSONAL NAME | |
| Personal name | Rawlinson, Simon |
| 245 00 - TITLE STATEMENT | |
| Title | Sustainability |
| Remainder of title | offices |
| 260 ## - PUBLICATION, DISTRIBUTION, ETC. | |
| Date of publication, distribution, etc. | 2007 |
| 490 #0 - SERIES STATEMENT | |
| Series statement | Building |
| Volume/sequential designation | 272(8462) 12 January 2007, 54-58(5) |
| 520 ## - SUMMARY, ETC. | |
| Summary, etc. | Examines occupier expectations of the sustainability agenda and the impact of this on the commercial offices sector. Highlights sustainability strategies for commercial offices, including carbon reduction initiatives, materials selection, recycling and waste management, and water consumption in use. Also looks at areas to address to deliver sustainability aspirations and a case study, which illustrates how a tenant can take an active role in improving a development's sustainability performance. |
| 590 ## - LOCAL NOTE (RLIN) | |
| Local note | KA |
| 651 #4 - SUBJECT ADDED ENTRY--GEOGRAPHIC NAME | |
| Geographic name | United Kingdom |
| Chronological subdivision | |
| 690 ## - LOCAL SUBJECT ADDED ENTRY--TOPICAL TERM (OCLC, RLIN) | |
| Topical term or geographic name as entry element | PROPERTY-COMMERCIAL PROPERTY-OFFICE PROPERTY |
| 690 ## - LOCAL SUBJECT ADDED ENTRY--TOPICAL TERM (OCLC, RLIN) | |
| Topical term or geographic name as entry element | ENVIRONMENTAL AND LAND CONSULTANCY-SUSTAINABILITY |
| 942 ## - ADDED ENTRY ELEMENTS (KOHA) | |
| Suppress in OPAC | 0 |
| Withdrawn status | Lost status | Source of classification or shelving scheme | Damaged status | Not for loan | Home library | Current library | Shelving location | Date acquired | Total Checkouts | Full call number | Barcode | Date last seen | Copy number | Price effective from | Koha item type |
|---|---|---|---|---|---|---|---|---|---|---|---|---|---|---|---|
| Dewey Decimal Classification | London | London | Journal article | 15/01/2007 | L136141 | 136141-1001 | 06/08/2019 | 1 | 06/08/2019 | Journal article |